Fast Math - Roots - Statistics

General Stats
  • This quiz has been taken 920 times
    918 since last reset
  • The average score is 24 of 30
Answer Stats
Root = % Correct
√144 12
99%
√64 8
97%
∛125 5
93%
√81 9
92%
√16 4
91%
√36 6
91%
√121 11
90%
√169 13
90%
∛8 2
88%
√4 2
87%
√196 14
86%
∛0 0
85%
∛1000 10
84%
∛1 1
82%
√225 15
82%
∛27 3
82%
√256 16
80%
√400 20
79%
∛64 4
78%
∛343 7
75%
√441 21
72%
∛729 9
70%
√289 17
69%
∛512 8
69%
∛1331 11
67%
√324 18
67%
∛3375 15
66%
∛4096 16
63%
∛2197 13
59%
∛1728 12
49%
No matching quizzes found
Score Distribution
Percent of People with Each Score
Percentile by Number Answered
Your Score History
You have not taken this quiz since the last reset